书目信息 |
| 题名: |
乱世狂女
|
|
| 作者: | 艾群 著 | |
| 分册: | ||
| 出版信息: | 郑州 黄河文艺出版社 1986.11 |
|
| 页数: | 297页 | |
| 开本: | 19cm | |
| 丛书名: | ||
| 单 册: | ||
| 中图分类: | I25 , I247.5 | |
| 科图分类: | ||
| 主题词: | 报告文学--中国--现代--选集 , 文化大革命--参考资料 , 小说--中国 | |
| 电子资源: | ||
| ISBN: | ||
| 000 | 00733nam0 2200265 450 | |
| 001 | 1554768482 | |
| 005 | 20150124151322.00 | |
| 010 | @dCNY1.50 | |
| 091 | @a10385.121 | |
| 100 | @a20130329d1986 m y0chiy0110 ea | |
| 101 | 0 | @achi |
| 102 | @aCN@b410000 | |
| 105 | @ay z 000fy | |
| 200 | 1 | @a乱世狂女@9luan shi kuang nu@f艾 群等著 |
| 210 | @a郑州@c黄河文艺出版社@d1986.11 | |
| 215 | @a297页@d19cm | |
| 330 | @a本书收入“0点政变”、蒯大富演义”、“乱世狂女-聂元梓”三篇小说。 | |
| 606 | 0 | @a报告文学@y中国@z现代@x选集 |
| 606 | 0 | @a文化大革命@x参考资料 |
| 606 | 0 | @a小说@x中国 |
| 690 | @aI25@v1980 | |
| 690 | @aI247.5@v4 | |
| 701 | 0 | @a艾群@9ai qun@4著 |
| 801 | 0 | @aCN@bTSSF@c20150124 |
| 905 | @aZUCC@dI247.5@eJY122 | |
| 乱世狂女/艾 群等著.-郑州:黄河文艺出版社,1986.11 |
| 297页;19cm |
| ISBN :CNY1.50 |
| 本书收入“0点政变”、蒯大富演义”、“乱世狂女-聂元梓”三篇小说。 |
| ● |
| 相关链接 |
|
|
|
|
正题名:乱世狂女
索取号:I247.5/JY122
 
预约/预借
| 序号 | 登录号 | 条形码 | 馆藏地/架位号 | 状态 | 备注 |
| 1 | 7842280 | 278422805 | 学院路分馆/ [索取号:I247.5/JY122] | 在馆 |